Normal view MARC view
  • Zo-Ain Ishaq

Entry Personal Name

Number of records used in: 2

001 - CONTROL NUMBER

  • control field: 15082

003 - CONTROL NUMBER IDENTIFIER

  • control field: NUST

005 - DATE AND TIME OF LATEST TRANSACTION

  • control field: 20190619102732.0

008 - FIXED-LENGTH DATA ELEMENTS

  • fixed length control field: 190619|| aca||aabn | a|a d

040 ## - CATALOGING SOURCE

  • Original cataloging agency: NUST
  • Transcribing agency: NUST

100 ## - HEADING--PERSONAL NAME

  • Personal name: Zo-Ain Ishaq

670 ## - SOURCE DATA FOUND

  • Source citation: Work cat.: (NUST): Zo-Ain Ishaq, Formulation and in Vitro Evaluation of Amphotericin B Polymeric Emulsion, 2014
© 2023 Central Library, National University of Sciences and Technology. All Rights Reserved.